Najpopularniejsi raperzy w tym tygodniu . 25.06-01.07 - Statystyki

Ogólne statystyki
  • Ten quiz został rozwiązany 21 razy
  • Średni wynik to 8 z 15
Statystyki odpowiedzi
Miejsce w poprzednim tygodniu Wyświetlenia Raper % Poprawnych
#2 10.80M Mata
95%
#12 2.98M Bedoes
90%
#7 5.05M White 2115
76%
#4 10.60M Kizo
71%
#5 4.51M Oki
67%
#1 11.40M Sobel
67%
#10 3.50M Paluch
52%
#3 5.33M Young Igi
52%
#14 2.82M Żabson
52%
#19 2.74M Reto
48%
#13 2.78M Szpaku
48%
#6 4.43M Otsochodzi
38%
#8 3.43M Tymek
29%
#30 2.92M Sarius
24%
#11 3.37M Hinol Polska Wersja
5%
Nie znaleziono quizów pasujących do podanych kryteriów
Rozkład punktacji
Procent ludzi z każdym wynikiem
Percentyl według liczby udzielonych odpowiedzi
Twoja historia wyników
Nie rozwiązałeś tego quizu